[Event "Canadian op"]
[Site "Laval"]
[Date "2024.07.18"]
[Round "8"]
[White "Xu, Joey"]
[Black "Gao, Heye"]
[Result "1-0"]
[WhiteElo "1793"]
[BlackElo "1926"]
[PlyCount "61"]
[EventDate "2024.07.13"]
[EventType "swiss"]
[EventRounds "9"]
[EventCountry "CAN"]
[SourceTitle "EXT 2025"]
[Source "ChessBase"]
[SourceDate "2024.10.14"]
[SourceVersion "1"]
[SourceVersionDate "2024.10.14"]
[SourceQuality "1"]

1. c4 c6 2. g3 d5 3. Nf3 Nf6 4. Bg2 Nbd7 5. b3 e5 6. d3 Bb4+ 7. Nfd2 e4 8. Ba3 e3 9. fxe3 Ng4 10. Bxb4 Qf6 11. Nf3 Qxa1 12. Qc1 Qxa2 13. cxd5 Qxb3 14. Bc3 Qxd5 15. Bxg7 Rg8 16. Bb2 Nde5 17. 0-0 Nxf3+ 18. exf3 Ne5 19. Qc3 Nd7 20. f4 Qc5 21. Qd2 a5 22. Ba3 Qh5 23. Qc3 Qg6 24. Nd2 Qf6 25. Qc2 h5 26. Ne4 Qe6 27. f5 Qe5 28. Nd6+ Kf8 29. Nc4+ Qc5 30. Bxc5+ Nxc5 31. Nb6 1-0

[Event "Canadian op"]
[Site "Laval"]
[Date "2024.07.14"]
[Round "3"]
[White "Xu, Joey"]
[Black "Koop, Alison Emily"]
[Result "1/2-1/2"]
[WhiteElo "1793"]
[BlackElo "1683"]
[PlyCount "78"]
[EventDate "2024.07.13"]
[EventType "swiss"]
[EventRounds "9"]
[EventCountry "CAN"]
[SourceTitle "EXT 2025"]
[Source "ChessBase"]
[SourceDate "2024.10.14"]
[SourceVersion "1"]
[SourceVersionDate "2024.10.14"]
[SourceQuality "1"]

1. c4 Nf6 2. g3 c5 3. Bg2 Nc6 4. Nf3 g6 5. d4 cxd4 6. Nxd4 Bg7 7. 0-0 0-0 8. Nc3 Ng4 9. Nxc6 dxc6 10. Qb3 Qb6 11. Na4 Qa6 12. Nc5 Qb6 13. Na4 Qa6 14. Bf4 e5 15. Bd2 Be6 16. Rac1 Rfd8 17. Nc5 Qb6 18. Bb4 Bc8 19. h3 Nf6 20. Rfd1 Bd7 21. Na4 Qc7 22. Bd6 Qc8 23. Bxe5 Re8 24. Qc3 Ne4 25. Qd4 Bxe5 26. Qxd7 Nf6 27. Qxc8 Raxc8 28. Rc2 Re7 29. Rcd2 Rce8 30. Nc5 Kg7 31. f4 Bc7 32. Nd7 Nxd7 33. Rxd7 Bb6+ 34. Kh1 Rxe2 35. Rxb7 Re1+ 36. Rxe1 Rxe1+ 37. Kh2 Bg1+ 38. Kh1 Bd4+ 39. Kh2 Bg1+ 1/2-1/2

[Event "Victoria Grand Pacific op 17th"]
[Site "Victoria"]
[Date "2024.03.30"]
[Round "2"]
[White "Xu, Joey"]
[Black "Wu, Jonathan"]
[Result "0-1"]
[WhiteElo "1775"]
[BlackElo "2116"]
[PlyCount "64"]
[EventDate "2024.03.29"]
[EventType "swiss"]
[EventRounds "6"]
[EventCountry "CAN"]
[SourceTitle "CBM 219 Extra"]
[Source "ChessBase"]
[SourceDate "2024.05.31"]
[SourceVersion "1"]
[SourceVersionDate "2024.05.31"]
[SourceQuality "1"]

1. e4 c5 2. Nc3 d6 3. d4 cxd4 4. Qxd4 Nc6 5. Qd2 g6 6. b3 Bh6 7. f4 Nf6 8. Nge2 e5 9. Bb2 0-0 10. Ba3 Bg4 11. Qxd6 exf4 12. Rd1 Re8 13. Qxd8 Raxd8 14. Rxd8 Rxd8 15. Bc1 Re8 16. Kf2 Nxe4+ 17. Nxe4 Rxe4 18. Nc3 Re8 19. Bb5 Bg7 20. Ne2 g5 21. Re1 a6 22. Bxc6 bxc6 23. Bd2 c5 24. Bc3 Rxe2+ 25. Rxe2 Bxc3 26. Re8+ Kg7 27. Ra8 a5 28. Ra6 Bf5 29. Rc6 Bxc2 30. Ke2 Bd4 31. Ra6 Be4 32. Rxa5 Bxg2 0-1

[Event "Banff op"]
[Site "Banff"]
[Date "2023.11.11"]
[Round "3"]
[White "Xu, Joey"]
[Black "Pivovarov, Juraj"]
[Result "1-0"]
[WhiteElo "1502"]
[BlackElo "1775"]
[PlyCount "49"]
[EventDate "2023.11.10"]
[EventType "swiss"]
[EventRounds "6"]
[EventCountry "CAN"]
[SourceTitle "CBM 217 Extra"]
[Source "ChessBase"]
[SourceDate "2024.01.31"]
[SourceVersion "1"]
[SourceVersionDate "2024.01.31"]
[SourceQuality "1"]

1. e4 c5 2. Nc3 Nc6 3. Bb5 Nd4 4. Bc4 e6 5. Nge2 Qc7 6. d3 a5 7. a4 Rb8 8. 0-0 Ne7 9. Bf4 d6 10. Bb5+ Bd7 11. Bxd7+ Qxd7 12. Bg3 Ng6 13. f4 e5 14. Nd5 Nxe2+ 15. Qxe2 exf4 16. Bxf4 Nxf4 17. Rxf4 Be7 18. Qh5 0-0 19. Raf1 Bd8 20. R1f3 b5 21. Nf6+ Bxf6 22. Rxf6 gxf6 23. Rg3+ Kh8 24. Qh6 Qe6 25. Qg7# 1-0

[Event "CAN-ch U10"]
[Site "Quebec"]
[Date "2018.07.03"]
[Round "4.119"]
[White "Chen, Andrew2"]
[Black "Xu, Joey"]
[Result "1-0"]
[WhiteElo "1367"]
[BlackElo "844"]
[PlyCount "49"]
[EventDate "2018.07.02"]
[EventType "swiss"]
[EventRounds "7"]
[EventCountry "CAN"]
[SourceTitle "EXT 2022"]
[Source "ChessBase"]
[SourceDate "2021.10.06"]
[SourceVersion "1"]
[SourceVersionDate "2021.10.06"]
[SourceQuality "1"]

1. c4 e5 2. g3 Nc6 3. Bg2 Bc5 4. Nc3 Nf6 5. d3 h6 6. a3 d6 7. e3 Be6 8. b4 Bb6 9. Nge2 Rb8 10. 0-0 0-0 11. Qc2 Qd7 12. Bd2 Bh3 13. Na4 Rfe8 14. Nxb6 axb6 15. e4 Bxg2 16. Kxg2 Ne7 17. f4 exf4 18. Nxf4 Ng6 19. Nxg6 fxg6 20. Bxh6 gxh6 21. Rxf6 Kg7 22. Qc3 Kh7 23. Raf1 Re7 24. Rf8 Rc8 25. Qh8# 1-0